000
00252nam a2200097Ia 4500
008
190216s9999||||xx |||||||||||||| ||und||
100
_a
"Kapil Pn, Khanna S, Kapila B&Amp; Arora Op"
245
0
_a
Ceee Guide
260
_b
S Dihesh & Co
_c
1998
942
_c
REF
999
_c
36365
_d
36365